[Event "39th TCh-GRE"]
[Site "Eretria GRE"]
[Date "2011.07.07"]
[Round "6.5"]
[White "Postny, Evgeny"]
[Black "Antoniewski, Rafal"]
[Result "1/2-1/2"]
[WhiteTitle "GM"]
[BlackTitle "GM"]
[WhiteElo "2618"]
[BlackElo "2586"]
[WhiteTeam "Heraklion CC"]
[BlackTeam "HRC Korydallos"]
[WhiteFideId "2804344"]
[BlackFideId "1111078"]
[EventDate "2011.07.03"]

1. d4 d5 2. c4 c6 3. Nc3 Nf6 4. e3 e6 5. Nf3 a6 6. Qc2 c5 7. cxd5 exd5 8. Be2
Be6 9. O-O Nc6 10. Ne5 Rc8 11. Bf3 cxd4 12. Nxc6 Rxc6 13. exd4 Be7 14. Bf4 O-O
15. Rad1 Qa5 16. Qb3 Bb4 17. Bd2 Rfc8 18. a3 Bxc3 19. Bxc3 Qc7 20. h3 Rb6 21.
Qc2 Qd7 22. Rfe1 Bf5 23. Qd2 Ne4 24. Bxe4 Bxe4 25. Re3 Rg6 26. f3 Bf5 27. g4 h5
28. Qe2 hxg4 29. hxg4 Be6 30. Re1 Rc6 1/2-1/2

[Event "39th TCh-GRE"]
[Site "Eretria GRE"]
[Date "2011.07.07"]
[Round "6.5"]
[White "Tsiamis, Konstantinos"]
[Black "Stavrianakis, Ioannis"]
[Result "0-1"]
[WhiteTitle "FM"]
[WhiteElo "2262"]
[BlackElo "2270"]
[WhiteTeam "HRC Korydallos"]
[BlackTeam "Heraklion CC"]
[WhiteFideId "4204905"]
[BlackFideId "4208412"]
[EventDate "2011.07.03"]

1. d4 e6 2. c4 Nf6 3. Nc3 Bb4 4. f3 c5 5. d5 exd5 6. cxd5 O-O 7. e4 d6 8. Bd3
Nbd7 9. Ne2 Ne5 10. Bc2 Bd7 11. O-O Qb6 12. Bg5 c4+ 13. Kh1 Nh5 14. g4 Nf6 15.
Bxf6 gxf6 16. Qd2 Bc5 17. Nd1 Kh8 18. Qf4 Qd8 19. Ng3 Rg8 20. Nh5 Rg6 21. Ne3
Qb6 22. Nd1 c3 23. bxc3 Bb5 24. Re1 Bf2 25. Ne3 Bxe1 26. Rxe1 Qa5 27. Qg3 Qxc3
28. Nf4 Nxf3 29. Nxg6+ fxg6 30. Rb1 Qxe3 31. Qxd6 Qc3 32. Rxb5 Qe1+ 33. Kg2 Qe2+
34. Kh3 Ng5+ 35. Kh4 Qf2+ 36. Qg3 Nf3+ 37. Kh3 Qf1+ 38. Qg2 Ng5+ 0-1

[Event "39th TCh-GRE"]
[Site "Eretria GRE"]
[Date "2011.07.07"]
[Round "6.5"]
[White "Selianiti, Eleana"]
[Black "Malikentzou, Nafsika"]
[Result "1-0"]
[WhiteElo "1678"]
[BlackElo "1640"]
[WhiteTeam "HRC Korydallos"]
[BlackTeam "Heraklion CC"]
[WhiteFideId "4235860"]
[BlackFideId "4222237"]
[EventDate "2011.07.03"]

1. e4 d5 2. exd5 Qxd5 3. Nc3 Qa5 4. d4 Nf6 5. Bd2 c6 6. Nf3 Bf5 7. Bc4 e6 8. Bb3
Nbd7 9. Qe2 Bb4 10. a3 O-O-O 11. O-O Bxc3 12. Bxc3 Qc7 13. Ne5 Nxe5 14. Qxe5 Rd7
15. f3 Rhd8 16. Qc5 b6 17. Qc4 Nd5 18. Bd2 b5 19. Qe2 Nf4 20. Bxf4 Qxf4 21. c3
e5 22. Qxe5 Qxe5 23. dxe5 a5 24. Rad1 a4 25. Rxd7 Rxd7 26. Ba2 Bg6 27. e6 Re7
28. Re1 fxe6 29. Rxe6 Rxe6 30. Bxe6+ Kc7 31. f4 Be4 32. Kf2 Kd6 33. Bg4 Bc2 34.
Ke3 c5 35. Bf3 Bb3 36. Be2 Kc6 37. g4 Bc2 38. Bf3+ Kd6 39. Be4 Bd1 40. g5 g6 41.
Bd3 c4 42. Be4 Bg4 43. Kd4 Bh3 44. Bd5 Bd7 45. Bg8 Be8 46. h4 Ke7 47. Kc5 Kf8
48. Bd5 Ke7 49. Bc6 Bxc6 50. Kxc6 1-0

[Event "39th TCh-GRE"]
[Site "Eretria GRE"]
[Date "2011.07.07"]
[Round "6.5"]
[White "Noutsos, Stamoulis"]
[Black "Dimopoulos, Dimitrios"]
[Result "1-0"]
[WhiteElo "1771"]
[BlackElo "1946"]
[WhiteTeam "HRC Korydallos"]
[BlackTeam "Heraklion CC"]
[WhiteFideId "4236467"]
[BlackFideId "4213459"]
[EventDate "2011.07.03"]

1. d4 Nf6 2. c4 e6 3. Nf3 b6 4. g3 Ba6 5. Qc2 Bb7 6. Bg2 c5 7. O-O cxd4 8. Nxd4
Bxg2 9. Kxg2 Be7 10. Nc3 O-O 11. Rd1 Qc8 12. b3 Rd8 13. Bb2 Nc6 14. e4 Bc5 15.
Nf3 Qb7 16. a3 Rac8 17. h3 Be7 18. Rd2 d6 19. Rad1 Nd7 20. Nb5 d5 21. exd5 exd5
22. Rxd5 Nf6 23. Bxf6 gxf6 24. Nd6 Bxd6 25. Rxd6 Rxd6 26. Rxd6 Qe7 27. Rd5 Qxa3
28. Rh5 Qd6 29. Qxh7+ 1-0

[Event "39th TCh-GRE"]
[Site "Eretria GRE"]
[Date "2011.07.07"]
[Round "6.5"]
[White "Korniotis, Filippos"]
[Black "Capone, Nicola"]
[Result "1/2-1/2"]
[WhiteElo "1724"]
[BlackElo "2005"]
[WhiteTeam "Heraklion CC"]
[BlackTeam "HRC Korydallos"]
[WhiteFideId "4236912"]
[BlackFideId "224715"]
[EventDate "2011.07.03"]

1. d4 Nf6 2. c4 c5 3. d5 e6 4. Nc3 exd5 5. cxd5 d6 6. e4 g6 7. Nf3 Bg7 8. Be2
O-O 9. O-O Re8 10. Nd2 Na6 11. f3 Nc7 12. a4 Rb8 13. Nc4 a6 14. a5 Bf8 15. Nb6
Nd7 16. Nca4 Nxb6 17. Nxb6 Nb5 18. Bxb5 axb5 19. Bd2 b4 20. Qc1 Bg7 21. Bg5 Qc7
22. Bh6 Bh8 23. Nc4 Ra8 24. Bf4 Ra6 25. Re1 f6 26. Qc2 Bd7 27. Nb6 Bb5 28. Rec1
Bg7 29. Qd2 Qd8 30. Bh6 Bh8 31. Bf4 Qe7 32. Re1 h5 33. h4 Kh7 34. Bg3 Qc7 35.
Qf4 Rd8 36. Qd2 Qg7 37. Bf4 Qf8 38. Qc2 Re8 39. Kh1 Qe7 40. Bg3 1/2-1/2

[Event "39th TCh-GRE"]
[Site "Eretria GRE"]
[Date "2011.07.07"]
[Round "6.6"]
[White "Hammer, Jon Ludvig"]
[Black "Naiditsch, Arkadij"]
[Result "1/2-1/2"]
[WhiteTitle "GM"]
[BlackTitle "GM"]
[WhiteElo "2610"]
[BlackElo "2706"]
[WhiteTeam "Culture Club Florinas"]
[BlackTeam "SK. AK. Chalkidos Palamidis The Evvoefs"]
[WhiteFideId "1503707"]
[BlackFideId "4650891"]
[EventDate "2011.07.03"]

1. d4 Nf6 2. c4 e6 3. Nc3 Bb4 4. f3 c5 5. d5 O-O 6. e4 Re8 7. Ne2 d6 8. Ng3 b5
9. dxe6 Bxe6 10. cxb5 d5 11. Bd2 Nbd7 12. exd5 Nxd5 13. Be2 N7b6 14. O-O Qf6 15.
Qc1 Qd4+ 16. Kh1 Na4 17. Nge4 f5 18. Nxa4 fxe4 19. Bxb4 cxb4 20. fxe4 Ne3 21.
Rf3 Ng4 22. Qg1 Qd2 23. Qe1 Qc2 24. Bd1 Qc7 25. Rg3 Nf6 26. Re3 Rad8 27. Bf3 Qc4
28. Rc1 Qxb5 29. b3 Rc8 30. h3 Rxc1 31. Qxc1 Rc8 32. Qd2 h5 33. Re1 Qe5 34. Qxb4
g5 35. Kg1 g4 36. hxg4 hxg4 37. Be2 Rc2 38. Bd3 a5 39. Qe7 Rc7 40. Qd8+ Kg7 41.
Be2 Kg6 42. Rf1 Rh7 43. Bd3 Nd7 44. Kf2 Rh2 45. Qe8+ Kg7 46. Qe7+ Kg6 47. Qe8+
Kh6 48. Ke3 Qg3+ 49. Kd4 Qe5+ 50. Ke3 Qg3+ 51. Kd4 Qe5+ 1/2-1/2

[Event "39th TCh-GRE"]
[Site "Eretria GRE"]
[Date "2011.07.07"]
[Round "6.6"]
[White "Nikolaidis, Konstantinos"]
[Black "Mastrovasilis, Athanasios"]
[Result "0-1"]
[WhiteTitle "FM"]
[BlackTitle "GM"]
[WhiteElo "2274"]
[BlackElo "2537"]
[WhiteTeam "SK. AK. Chalkidos Palamidis The Evvoefs"]
[BlackTeam "Culture Club Florinas"]
[WhiteFideId "4200578"]
[BlackFideId "4201990"]
[EventDate "2011.07.03"]

1. e4 c5 2. Nf3 e6 3. Nc3 a6 4. d4 cxd4 5. Nxd4 Qc7 6. Bd3 Nf6 7. O-O Bc5 8. Nb3
Be7 9. f4 d6 10. Qf3 Nbd7 11. Bd2 b6 12. Rae1 Bb7 13. Qg3 g6 14. Kh1 Rc8 15. f5
gxf5 16. exf5 Rg8 17. Qxg8+ Nxg8 18. fxe6 fxe6 19. Bxh7 Ngf6 20. Bg6+ Kd8 21.
Nd4 Nf8 22. Bg5 Qc5 23. Bxf6 Bxf6 24. Nxe6+ Nxe6 25. Rxe6 Bxc3 26. bxc3 Bxg2+
27. Kxg2 Qd5+ 28. Re4 Qg5+ 0-1

[Event "39th TCh-GRE"]
[Site "Eretria GRE"]
[Date "2011.07.07"]
[Round "6.6"]
[White "Markidis, Konstantinos"]
[Black "Kourousis, Epaminondas"]
[Result "1-0"]
[WhiteElo "2330"]
[BlackElo "2273"]
[WhiteTeam "Culture Club Florinas"]
[BlackTeam "SK. AK. Chalkidos Palamidis The Evvoefs"]
[WhiteFideId "4203500"]
[BlackFideId "4211626"]
[EventDate "2011.07.03"]

1. e4 c6 2. d4 d5 3. e5 Bf5 4. Nd2 e6 5. Nb3 Ne7 6. Nf3 h6 7. Be2 Nd7 8. O-O Bh7
9. a4 Nf5 10. a5 a6 11. c4 Be7 12. Bf4 g5 13. Bd2 g4 14. Ne1 h5 15. cxd5 cxd5
16. Nd3 Kf8 17. Bb4 Bxb4 18. Nxb4 Kg7 19. Qd2 Rc8 20. Nd3 Qe7 21. Rac1 Bg6 22.
Ndc5 Nb8 23. Rc3 Rc7 24. Rfc1 Rhc8 25. h3 gxh3 26. Rxh3 h4 27. Qf4 Nc6 28. Bd3
Ncxd4 29. Nxd4 Rxc5 30. Rxc5 Qxc5 31. Ne2 Qe7 32. Bxf5 Bxf5 33. Rxh4 Rh8 34.
Rxh8 Kxh8 35. Qh6+ Kg8 36. Nf4 Qf8 37. Qxf8+ Kxf8 38. Ne2 Bd3 39. Nd4 Bb5 40. f4
Bd3 41. Kf2 Ke7 42. Ke3 Bb1 43. g4 Be4 44. Kf2 Kd7 45. Kg3 Kc7 46. Kh4 b6 47. b4
bxa5 48. bxa5 Kd8 49. Kg5 Ke7 50. Kh6 Kf8 51. f5 exf5 52. gxf5 Ke7 53. f6+ Kf8
54. Nc6 Bd3 55. Kg5 Ke8 56. Kf4 Kd7 57. Nd4 Bf1 58. Ke3 Bc4 59. Kd2 Bf1 60. Kc3
Bh3 61. Kb3 Bg2 62. Kc3 Bh3 63. Nb3 Kc6 64. Kd4 Kc7 65. Nc5 Kc6 66. e6 1-0

[Event "39th TCh-GRE"]
[Site "Eretria GRE"]
[Date "2011.07.07"]
[Round "6.6"]
[White "Vasiliadis, Anastasios"]
[Black "Tsounis, Serafim"]
[Result "1-0"]
[WhiteElo "1891"]
[BlackElo "1806"]
[WhiteTeam "Culture Club Florinas"]
[BlackTeam "SK. AK. Chalkidos Palamidis The Evvoefs"]
[WhiteFideId "4251083"]
[BlackFideId "4238346"]
[EventDate "2011.07.03"]

1. e4 c5 2. Nf3 Nc6 3. Bb5 Qb6 4. Bxc6 Qxc6 5. Nc3 e6 6. O-O Nf6 7. d3 Be7 8.
Bg5 d6 9. a4 O-O 10. Re1 a6 11. e5 dxe5 12. Nxe5 Qc7 13. Qf3 Bd7 14. a5 Rac8 15.
Nc4 Bc6 16. Qe2 Rfe8 17. Qd2 Nd5 18. Bxe7 Rxe7 19. Ne5 Nb4 20. Re2 Rd8 21. Qe3
Qd6 22. Nxc6 Qxc6 23. Ne4 c4 24. d4 Nd5 25. Qg3 Qb5 26. c3 h6 27. f4 Qc6 28. Qf3
Qc7 29. g3 Rb8 30. Nc5 Qc6 31. Rae1 b5 32. f5 exf5 33. Rxe7 Nxe7 34. Qxc6 Nxc6
35. Nxa6 Ra8 36. Nc7 Rc8 37. Nd5 Kf8 38. a6 g6 39. Kg2 Rd8 40. Nc7 b4 41. d5
bxc3 42. dxc6 cxb2 43. Nb5 Rd2+ 44. Kf3 Rc2 45. Rb1 c3 46. a7 Rc1 47. a8=Q+ Kg7
48. Nxc3 1-0

[Event "39th TCh-GRE"]
[Site "Eretria GRE"]
[Date "2011.07.07"]
[Round "6.7"]
[White "Kryvoruchko, Yuriy"]
[Black "Nikolaidis, Ioannis"]
[Result "1/2-1/2"]
[WhiteTitle "GM"]
[BlackTitle "GM"]
[WhiteElo "2652"]
[BlackElo "2545"]
[WhiteTeam "Chania Chess Academy"]
[BlackTeam "AO Kydon Chania"]
[WhiteFideId "14109182"]
[BlackFideId "4202139"]
[EventDate "2011.07.03"]

1. e4 c5 2. Nf3 e6 3. d4 cxd4 4. Nxd4 Nc6 5. Nc3 Qc7 6. g3 a6 7. Bg2 d6 8. O-O
Bd7 9. Be3 Nf6 10. Nxc6 Bxc6 11. a4 Be7 12. a5 O-O 13. Bb6 Qb8 14. Qe2 Bd8 15.
Bd4 Nd7 16. Rfd1 Bf6 17. Qd2 Rd8 18. Na4 Bxd4 19. Qxd4 Qc7 20. Nb6 Nxb6 21. axb6
Qe7 22. c4 a5 23. b3 Qf6 24. Qe3 Qe5 25. Ra2 Kf8 26. h4 Qc5 27. Qxc5 dxc5 28.
Rxd8+ Rxd8 29. Rxa5 Rd1+ 30. Kh2 Rb1 31. e5 Bxg2 32. Kxg2 Rxb3 33. Rxc5 Rxb6 34.
Rc8+ Ke7 35. Rc7+ Ke8 36. h5 Rc6 37. Rxb7 Rxc4 38. Rb8+ Ke7 39. Rh8 g5 40. Rxh7
Re4 41. Rg7 Rxe5 42. h6 Kf8 43. g4 Ra5 44. Kf1 Re5 45. f3 Ra5 46. Kf2 Ra2+ 47.
Ke3 Rh2 48. Rxg5 1/2-1/2

[Event "39th TCh-GRE"]
[Site "Eretria GRE"]
[Date "2011.07.07"]
[Round "6.7"]
[White "Souleidis, Georgios"]
[Black "Tsarouhas, Konstantinos"]
[Result "1-0"]
[WhiteTitle "IM"]
[WhiteElo "2389"]
[BlackElo "2207"]
[WhiteTeam "AO Kydon Chania"]
[BlackTeam "Chania Chess Academy"]
[WhiteFideId "4206827"]
[BlackFideId "4201094"]
[EventDate "2011.07.03"]

1. e4 c5 2. Nf3 e6 3. d4 cxd4 4. Nxd4 Nf6 5. Nc3 d6 6. g4 Nc6 7. g5 Nd7 8. Be3
Be7 9. Rg1 a6 10. Qh5 g6 11. Qh6 Bf8 12. Qh4 Bg7 13. O-O-O Nde5 14. Qg3 Na5 15.
Nb3 O-O 16. Nxa5 Qxa5 17. Bd4 b5 18. f4 b4 19. Nb1 Bb7 20. fxe5 dxe5 21. Bf2
Bxe4 22. Nd2 Bd5 23. Bc4 Rac8 24. Bxd5 exd5 25. Kb1 Rfd8 26. Rge1 Qb5 27. Nf3
Rc3 28. Qg4 Rc4 29. Qg2 Rdc8 30. Rd2 Qc6 31. Bg3 e4 32. Ne5 Bxe5 33. Bxe5 Re8
34. Bd4 a5 35. Qf2 Re6 36. Re3 Qb5 37. Rh3 Qb7 38. b3 Rxd4 39. Qxd4 1-0

[Event "39th TCh-GRE"]
[Site "Eretria GRE"]
[Date "2011.07.07"]
[Round "6.7"]
[White "Kalaitzoglou, Panayotis"]
[Black "Pavlidis, Anastasios"]
[Result "0-1"]
[BlackTitle "FM"]
[WhiteElo "2197"]
[BlackElo "2323"]
[WhiteTeam "Chania Chess Academy"]
[BlackTeam "AO Kydon Chania"]
[WhiteFideId "4202422"]
[BlackFideId "4208404"]
[EventDate "2011.07.03"]

1. e4 e5 2. Nf3 Nc6 3. d4 exd4 4. Nxd4 Nf6 5. Nxc6 bxc6 6. e5 Qe7 7. Qe2 Nd5 8.
c4 Ba6 9. b3 O-O-O 10. g3 g5 11. Bg2 Bg7 12. Bb2 Rde8 13. O-O Bxe5 14. Qxe5 Qxe5
15. Bxe5 Rxe5 16. cxd5 Bxf1 17. Kxf1 cxd5 18. Nc3 c6 19. Rc1 Kd8 20. Na4 h5 21.
Nc5 Rhe8 22. a4 g4 23. Nd3 Re2 24. Rb1 Ra2 25. Nf4 Re5 26. Kg1 Kc7 27. Bf1 Kb6
28. h4 gxh3 29. Bxh3 Kc7 30. Bg2 Rf5 31. Bh3 Rg5 32. Kf1 Re5 33. Rd1 Ra3 34. Nd3
Re7 35. Rb1 Ra2 36. Nf4 Re4 37. Bf5 Rd4 38. Bd3 h4 39. Kg2 hxg3 40. Kxg3 Ra3 41.
f3 Ra2 42. Bf5 Kd6 43. Bh7 a5 44. Bd3 Rd2 45. Bf1 Rd1 46. Rxd1 Rxd1 47. Bd3 Rd2 0-1

[Event "39th TCh-GRE"]
[Site "Eretria GRE"]
[Date "2011.07.07"]
[Round "6.7"]
[White "Pavlidou, Ekaterini"]
[Black "Videnova, Iva"]
[Result "0-1"]
[WhiteTitle "WIM"]
[BlackTitle "WGM"]
[WhiteElo "2220"]
[BlackElo "2353"]
[WhiteTeam "AO Kydon Chania"]
[BlackTeam "Chania Chess Academy"]
[WhiteFideId "4213262"]
[BlackFideId "2907763"]
[EventDate "2011.07.03"]

1. d4 g6 2. c4 Bg7 3. Nf3 c5 4. d5 d6 5. e4 e6 6. Bd3 exd5 7. cxd5 a6 8. a4 Bg4
9. Nbd2 Nf6 10. O-O O-O 11. h3 Bxf3 12. Nxf3 c4 13. Bc2 Nbd7 14. a5 Re8 15. Nd2
Rc8 16. Ra3 Rc5 17. Re1 Qc7 18. Bb1 c3 19. bxc3 Rxc3 20. Rxc3 Qxc3 21. Nb3 Nc5
22. Nxc5 Qxc5 23. Qa4 Rc8 24. Ba3 Qc3 25. Qb4 Ne8 26. Rd1 Rc4 27. Qxc3 Bxc3 28.
f4 Bxa5 29. e5 Bb6+ 30. Kh1 Rxf4 31. exd6 Nf6 32. Re1 Nxd5 33. d7 Kg7 34. Ba2
Nf6 35. Bb2 Rf2 36. Rb1 Bd8 37. Bd5 Rxb2 38. Rxb2 Nxd5 39. Rxb7 Kf8 40. g4 h6
41. Kg2 Ke7 42. Kf3 Nf6 43. Ra7 a5 44. h4 Nxd7 45. h5 Ke6 46. Ra8 Ne5+ 47. Ke2
Bg5 48. Ra6+ Ke7 49. hxg6 fxg6 50. Rxa5 Nxg4 51. Kf3 Nf6 52. Ra6 h5 53. Rc6 Bh6
54. Ra6 g5 55. Kg3 Kf7 56. Kh3 Kg6 57. Ra5 Bf8 58. Rb5 Bd6 59. Ra5 Bb4 60. Rb5
Be1 61. Kg2 g4 62. Kf1 Bg3 63. Kg2 h4 64. Ra5 Bf4 65. Ra3 Kf5 66. Ra5+ Be5 67.
Ra3 Nd5 68. Ra8 h3+ 69. Kf2 Nf6 70. Ke3 h2 0-1

[Event "39th TCh-GRE"]
[Site "Eretria GRE"]
[Date "2011.07.07"]
[Round "6.7"]
[White "Tsarouha, Marianthi"]
[Black "Fragaki, Maria"]
[Result "0-1"]
[WhiteElo "1799"]
[BlackElo "1927"]
[WhiteTeam "Chania Chess Academy"]
[BlackTeam "AO Kydon Chania"]
[WhiteFideId "4223322"]
[BlackFideId "4221087"]
[EventDate "2011.07.03"]

1. d4 Nf6 2. Nf3 e6 3. c4 b6 4. g3 Bb7 5. Bg2 c5 6. O-O cxd4 7. Nxd4 Bxg2 8.
Kxg2 a6 9. Nc3 Qc7 10. Qd3 Nc6 11. b3 Rc8 12. Bb2 Ne5 13. Qd2 Bb4 14. Rac1 Qb7+
15. Kg1 h5 16. Qe3 Neg4 17. Qg5 Be7 18. h3 Ne4 19. Nxe4 Qxe4 20. Qxg7 Bf6 21.
Nb5 Bxg7 22. Nd6+ Ke7 23. Nxe4 Bxb2 24. Rc2 Nxf2 25. Kxf2 Be5 26. Rd2 Rhg8 27.
Rd3 f5 28. Nc3 b5 29. Rfd1 d6 30. Re3 bxc4 31. Na4 c3 32. Nb6 c2 33. Rc1 Bb2 34.
Nc4 Bxc1 35. Rc3 d5 36. Rxc2 dxc4 37. Rxc1 cxb3 0-1

[Event "39th TCh-GRE"]
[Site "Eretria GRE"]
[Date "2011.07.07"]
[Round "6.7"]
[White "Hnara, Maria-Danai"]
[Black "Agnanti, Danai"]
[Result "1-0"]
[WhiteElo "1645"]
[BlackElo "1741"]
[WhiteTeam "AO Kydon Chania"]
[BlackTeam "Chania Chess Academy"]
[WhiteFideId "4221419"]
[BlackFideId "4231147"]
[EventDate "2011.07.03"]

1. e4 c5 2. Nf3 e6 3. d4 cxd4 4. Nxd4 Nf6 5. Nc3 d6 6. Be3 a6 7. f4 Be7 8. Qf3
Qc7 9. Bd3 O-O 10. g4 Nfd7 11. g5 b5 12. h4 Bb7 13. h5 b4 14. Nce2 d5 15. e5 Nc5
16. Qh3 Qd7 17. Bxh7+ Kxh7 18. g6+ Kg8 19. h6 fxg6 20. hxg7 Kf7 21. gxf8=Q+ Bxf8
22. Qh7+ Ke8 23. Qxg6+ Qf7 24. Qxf7+ Kxf7 25. Rh7+ Ke8 26. Nxe6 Nxe6 27. Rxb7
Nc6 28. b3 Be7 29. Rb6 Kd7 30. f5 Ned8 31. Rd1 Kc7 32. Rxd5 Bh4+ 33. Kd2 Nf7 34.
e6 Nfe5 35. Nf4 Bg5 36. Rxc6+ Nxc6 37. Rd7+ Kc8 38. Nd5 Bxe3+ 39. Kxe3 Rb8 40.
Ne7+ Nxe7 41. Rxe7 Kd8 42. Rh7 Rb6 43. Kd4 Rb5 44. e7+ Ke8 45. f6 1-0

[Event "39th TCh-GRE"]
[Site "Eretria GRE"]
[Date "2011.07.07"]
[Round "6.7"]
[White "Papadogiannis, Sevastianos"]
[Black "Kazakos, Emmanouil"]
[Result "1-0"]
[WhiteElo "1995"]
[BlackElo "2105"]
[WhiteTeam "Chania Chess Academy"]
[BlackTeam "AO Kydon Chania"]
[WhiteFideId "4239369"]
[BlackFideId "4216555"]
[EventDate "2011.07.03"]

1. e4 c5 2. Nf3 e6 3. d4 cxd4 4. Nxd4 Nf6 5. Nc3 d6 6. g4 h6 7. Bg2 a6 8. Qe2
Qc7 9. h3 b5 10. Be3 b4 11. Na4 Bb7 12. O-O-O Nxe4 13. Bxe4 Bxe4 14. f3 Bb7 15.
Nb6 Qxb6 16. Nxe6 Qa5 17. Nc5 Be7 18. Nxb7 Qc7 19. Nxd6+ Bxd6 20. Bb6+ Qe7 21.
Qd2 O-O 22. Qxd6 Qg5+ 23. f4 Qb5 24. Rd5 Qe2 25. Rhd1 Re8 26. R5d2 Qc4 27. b3
Qe4 28. Qd5 Nc6 29. Qxe4 Rxe4 30. f5 Rc8 31. Kb2 Kh7 32. Bg1 Ne5 33. Rf1 Rc3 34.
f6 Rxh3 35. fxg7 Kxg7 36. Bd4 Kg6 37. Bxe5 Rxe5 38. Rf4 a5 39. Rd6+ Re6 40. Rd5
Rc6 41. Rxa5 Rh2 42. Rc4 Rxc4 43. bxc4 Rg2 44. Kb3 Rxg4 45. c5 Kf5 46. c6+ Ke6
47. Rc5 Rg8 48. Kxb4 Kd6 49. a4 Kc7 50. a5 Rg1 51. Rf5 Kxc6 52. Rxf7 h5 53. Rf6+
Kb7 54. Rb6+ Kc7 55. Rh6 Rh1 56. Kc5 Kb7 57. c4 h4 58. Rb6+ Ka7 59. Kc6 h3 60.
c5 h2 61. Rb2 Ka6 62. Rb8 Ka7 63. Rh8 Ra1 64. Rxh2 Rxa5 65. Rb2 Ra1 66. Kc7 Ka6
67. c6 Ka7 68. Rd2 Ra3 69. Kd8 Rh3 70. c7 Rh8+ 71. Kd7 Rh7+ 72. Kc6 Rh6+ 73. Rd6
Rh8 74. Rd8 Rh6+ 75. Kd5 1-0

[Event "39th TCh-GRE"]
[Site "Eretria GRE"]
[Date "2011.07.07"]
[Round "6.7"]
[White "Ontabasidis, Aristidis"]
[Black "Papadopoulos, Argirios"]
[Result "0-1"]
[WhiteElo "1513"]
[BlackElo "1745"]
[WhiteTeam "AO Kydon Chania"]
[BlackTeam "Chania Chess Academy"]
[WhiteFideId "4248872"]
[BlackFideId "4241509"]
[EventDate "2011.07.03"]

1. e4 c6 2. d4 g6 3. Nf3 d5 4. exd5 cxd5 5. Bd3 Nc6 6. c3 Bg7 7. O-O Nf6 8. h3
O-O 9. Be3 Ne4 10. Nbd2 f5 11. Bf4 Re8 12. Ne5 Nxe5 13. Bxe5 Bxe5 14. dxe5 Qc7
15. f4 Qb6+ 16. Kh2 Qxb2 17. Nxe4 fxe4 18. Bc2 e6 19. Ba4 Rd8 20. Qd4 Bd7 21.
Bb3 Bb5 22. Rfe1 Qa3 23. Rab1 Rac8 24. Red1 Qc5 25. Qxc5 Rxc5 26. c4 Bxc4 27.
Bxc4 Rxc4 28. Rxb7 Ra4 29. Rc1 Rc4 30. Rxc4 dxc4 31. Rxa7 e3 32. Kg3 Rc8 33. Rb7
c3 34. Rb1 Kf7 35. Kf3 c2 36. Rc1 Rc3 37. a4 Ke7 38. a5 Kd7 39. a6 Kc7 40. g4
Kb6 41. h4 Kxa6 42. h5 Kb5 43. f5 gxf5 44. gxf5 exf5 45. Kf4 e2 46. Kxf5 e1=Q
47. Rxe1 c1=Q 48. Rxc1 Rxc1 49. Kg5 Re1 50. Kf6 Kc6 51. h6 Rg1 52. e6 Kd6 53.
Kf7 Rf1+ 54. Kg7 Kxe6 55. Kxh7 Kf7 56. Kh8 Kg6 0-1

[Event "39th TCh-GRE"]
[Site "Eretria GRE"]
[Date "2011.07.07"]
[Round "6.8"]
[White "Bologan, Viktor"]
[Black "Zubarev, Alexander1"]
[Result "1/2-1/2"]
[WhiteTitle "GM"]
[BlackTitle "GM"]
[WhiteElo "2678"]
[BlackElo "2597"]
[WhiteTeam "Chess Union Amfissa"]
[BlackTeam "O.A.A. Heraklion"]
[WhiteFideId "13900048"]
[BlackFideId "14104385"]
[EventDate "2011.07.03"]

1. e4 c5 2. Nf3 Nc6 3. d4 cxd4 4. Nxd4 Qb6 5. Nb3 Nf6 6. Nc3 e6 7. Bd3 a6 8. Be3
Qc7 9. f4 d6 10. Qf3 b5 11. g4 Bb7 12. g5 Nd7 13. O-O-O g6 14. Kb1 Bg7 15. h4
Bxc3 16. bxc3 Nb6 17. Bxb6 Qxb6 18. h5 O-O-O 19. hxg6 hxg6 20. Rh6 Rhe8 21. Rh7
Rd7 22. Rdh1 b4 23. Rh8 Rxh8 24. Rxh8+ Kc7 25. c4 a5 26. c5 dxc5 27. f5 Ne5 28.
Qf4 Qd6 29. Nxa5 c4 30. fxe6 fxe6 31. Be2 Ba6 32. Ra8 Kb6 33. Rxa6+ Kxa6 34.
Nxc4 Nxc4 35. Bxc4+ Kb6 36. e5 Qc5 37. Bd3 Rh7 38. Qe4 Rh2 39. Qa8 Qg1+ 40. Kb2
Qd4+ 41. Kb1 Qxe5 42. Qa6+ Kc7 43. Qa7+ Kd8 44. Qa8+ Kc7 45. Qa7+ Kd8 1/2-1/2

[Event "39th TCh-GRE"]
[Site "Eretria GRE"]
[Date "2011.07.07"]
[Round "6.8"]
[White "Ris, Robert"]
[Black "Georgakopoulos, Nikolaos"]
[Result "1-0"]
[WhiteTitle "IM"]
[WhiteElo "2395"]
[BlackElo "2283"]
[WhiteTeam "O.A.A. Heraklion"]
[BlackTeam "Chess Union Amfissa"]
[WhiteFideId "1011480"]
[BlackFideId "4210891"]
[EventDate "2011.07.03"]

1. d4 Nf6 2. c4 Nc6 3. Nf3 e6 4. a3 d6 5. Nc3 g6 6. e4 Bg7 7. Be2 O-O 8. O-O Re8
9. Bg5 h6 10. Be3 e5 11. dxe5 Ng4 12. Bd2 Ngxe5 13. Nxe5 dxe5 14. Be3 Nd4 15. f4
exf4 16. Bxf4 c6 17. c5 Nxe2+ 18. Qxe2 Be6 19. Rad1 Qh4 20. Qe3 Kh7 21. e5 Bf5
22. h3 Re7 23. g4 Bc2 24. Rd2 Bb3 25. Ne4 Bd5 26. Rxd5 cxd5 27. Bg3 Qxh3 28. Nf2
Rxe5 29. Qf3 Re3 30. Qxe3 Bd4 31. Nxh3 Bxe3+ 32. Bf2 Bxf2+ 33. Kxf2 Kg7 34. Rd1
Re8 35. Rxd5 Re4 36. Rd7 Rc4 37. Rxb7 Rxc5 38. Nf4 Rc2+ 39. Ke3 a5 40. Rb5 Kf6
41. Ne2 Rc4 42. Nd4 a4 43. Rb6+ Ke5 44. Rb4 Kd5 45. Kd3 Rc1 46. Ne2 Rh1 47. Rxa4
Rh3+ 48. Kd2 Rh2 49. Rf4 Rg2 50. a4 g5 51. Rd4+ Ke5 52. a5 h5 53. a6 1-0

[Event "39th TCh-GRE"]
[Site "Eretria GRE"]
[Date "2011.07.07"]
[Round "6.8"]
[White "Zygouris, Hristos"]
[Black "Lirindzakis, Timotheos"]
[Result "1-0"]
[BlackTitle "IM"]
[WhiteElo "2240"]
[BlackElo "2338"]
[WhiteTeam "Chess Union Amfissa"]
[BlackTeam "O.A.A. Heraklion"]
[WhiteFideId "4200292"]
[BlackFideId "4200381"]
[EventDate "2011.07.03"]

1. c4 c6 2. Nf3 d5 3. g3 Nf6 4. Bg2 Bg4 5. Ne5 Bh5 6. cxd5 cxd5 7. g4 Bg6 8. Nc3
e6 9. h4 Bd6 10. d4 h6 11. Nxg6 fxg6 12. Qd3 Kf7 13. g5 hxg5 14. Bxg5 Nc6 15.
O-O-O Rc8 16. Kb1 a6 17. e4 dxe4 18. Bxe4 Ne7 19. Bxb7 Rb8 20. Bxa6 Qa5 21. Bc4
Bb4 22. Ne4 Rhc8 23. Bb3 Ned5 24. Nxf6 gxf6 25. Bd2 Bxd2 26. Qxd2 Qxd2 27. Rxd2
Rh8 28. Bxd5 exd5 29. a3 Rh5 30. f4 Rbh8 31. b4 Ke6 32. Kb2 Rxh4 33. Rxh4 Rxh4
34. b5 Kd7 35. Rc2 Rh8 36. a4 Rb8 37. Kb3 Ke6 38. Kb4 Kf5 39. a5 Kxf4 40. a6 1-0